000 00286nam a2200121Ia 4500
008 191201s2016 xx 000 0 und d
100 _aSRIDHAR, S
245 0 _aDigital Image Processing
260 _aN. Delhi
_bOxford
_c2016
300 _a742
650 _aM.Tech (ECE)
942 _2ddc
_cBK
999 _c6687
_d6687